| 000 | 01598nam a2200337 i 4500 | ||
|---|---|---|---|
| 999 |
_c2751 _d2751 |
||
| 003 | OSt | ||
| 005 | 20230818145430.0 | ||
| 008 | 180718s2009 enkaob e 000 0 eng d | ||
| 020 | _a9780194236317 | ||
| 040 |
_aCaNSH _beng _cCaNSH _dCaOL _dKH8 _erda |
||
| 082 | _a363.738 NEW | ||
| 100 | 1 |
_aNewbolt, Barnaby, _eauthor. |
|
| 245 | 1 | 0 |
_aClimate change / _cBarnaby Newbolt. |
| 264 | 1 |
_aOxford, [England] : _bOxford University Press, _c[2009] |
|
| 264 | 4 | _c©2009. | |
| 300 |
_a56 pages : _billustrations, photos, maps ; _c20 cm. |
||
| 336 |
_atext _btxt _2rdacontent. |
||
| 337 |
_aunmediated _bn _2rdamedia. |
||
| 338 |
_avolume _bnc _2rdacarrier. |
||
| 490 | 1 | _aOxford bookworms library. Factfiles, Stage 2. | |
| 520 | _a"It's a terrible problem - or it's really not as bad as people say. There will be sudden big changes - or slower changes that we can learn to live with. It means the end for many animals, people, even whole islands -- but will this happen soon, or hundreds of years from now? What is the true story about climate change? Why is it happening, and what can we do about it? If we learn about the past, then perhaps there will be time to make changes for the future..."--Back cover. | ||
| 650 | 0 |
_aReading comprehension _vProblems, exercises, etc. |
|
| 650 | 0 | _aReaders (Adult) | |
| 650 | 0 | _aReaders for new literates. | |
| 650 | 0 | _aHigh interest-low vocabulary books. | |
| 650 | 0 | _aClimatic changes. | |
| 650 | 0 | _aGlobal temperature changes. | |
| 650 | 0 | _aGlobal environmental change. | |
| 830 | 0 |
_aOxford bookworms library. _pFactfiles. _nStage 2. |
|
| 942 |
_2ddc _cTR |
||